Statistiche per giocatori più costosi per nazione

Clicka qui per fare il quiz!

Statistiche generali

  • Questo quiz è stato fatto 54 volte
  • Il punteggio medio è 47 su 110

Statistiche sulle risposte

NAZIONEGIOCATOREVENDITOREACQUIRENTE% Corretto
BRASILENEYMARBARCELLONAPSG
84%
BRASILENEYMARSANTOSBARCELLONA
84%
ARGENTINAHIGUAINNAPOLIJUVE
81%
ARGENTINAENZO FERNANDEZBENFICACHELSEA
74%
ARGENTINAENZO FERNANDEZRIVER PLATEBENFICA
74%
FRANCIAMBAPPEMONACOPSG
74%
PORTOGALLORONALDOREALJUVE
74%
PORTOGALLORONALDOMAN UTDREAL
74%
BELGIODE BRUYNEWOLFSBURGMAN CITY
70%
ARGENTINADI MARIAMAN UTDPSG
70%
ARGENTINADI MARIAREALMAN UTD
70%
ITALIACHIESAFIORENTINAJUVE
67%
BELGIOLUKAKUMAN UTDINTER
67%
BELGIOLUKAKUINTERCHELSEA
67%
BELGIOLUKAKUEVERTONMAN UTD
67%
ITALIABUFFONPARMAJUVE
65%
PORTOGALLOJOAO FELIXBENFICAATLETICO MADRID
63%
FRANCIAPOGBAJUVEMAN UTD
60%
ARGENTINAROMEROATALANTATOTTENHAM
60%
ITALIATONALIMILANNEWCASTLE
60%
ITALIABONUCCIJUVEMILAN
58%
PORTOGALLOCANCELOJUVEMAN CITY
58%
OLANDADE JONGAJAXBARCELLONA
58%
OLANDADE LIGTJUVEBAYERN
58%
OLANDADE LIGTAJAXJUVE
58%
ITALIAJORGINHONAPOLICHELSEA
58%
ARGENTINALISANDRO MARTINEZAJAXMAN UTD
58%
BRASILEALISSONROMALIVERPOOL
56%
URUGUAYCAVANINAPOLIPSG
56%
ITALIASCAMACCASASSUOLOWEST HAM
56%
URUGUAYSUAREZAJAXLIVERPOOL
56%
URUGUAYSUAREZLIVERPOOLBARCELLONA
56%
BRASILECOUTINHOLIVERPOOLBARCELLONA
53%
ARGENTINAICARDIINTERPSG
53%
BRASILEKAKAMILANREAL
53%
BRASILEANTONYAJAXMAN UTD
51%
FRANCIADEMBELEBORUSSIA DORTMUNDBARCELLONA
51%
INGHILTERRAGREALISHASTON VILLAMAN CITY
51%
FRANCIAGRIEZMANNATLETICO MADRIDBARCELLONA
51%
OLANDAVAN DIJKSOUTHAMPTONLIVERPOOL
51%
BRASILEARTHURBARCELLONAJUVE
49%
INGHILTERRABELLINGHAMBORUSSIA DORTMUNDREAL
49%
PORTOGALLOFIGOBARCELLONAREAL
49%
BRASILEOSCARCHELSEASHANGHAI
49%
URUGUAYBENTANCURBOCA JUNIORSJUVE
47%
URUGUAYBENTANCURJUVETOTTENHAM
47%
BRASILECASEMIROREALMAN UTD
47%
BELGIOHAZARDCHELSEAREAL
47%
INGHILTERRAMAGUIRELEICESTERMAN UTD
47%
FRANCIAZIDANEJUVEREAL
47%
PORTOGALLOBERNARDO SILVAMONACOMAN CITY
44%
PORTOGALLOBRUNO FERNANDESSPORTINGMAN UTD
44%
GERMANIAHAVERTZLEVERKUSENCHELSEA
44%
PORTOGALLONEVESWOLVESAL HILAL
44%
SPAGNARODRIATLETICO MADRIDMAN CITY
44%
PORTOGALLORUBEN DIASBENFICAMAN CITY
44%
ITALIABERNARDESCHIFIORENTINAJUVE
42%
SPAGNAFERRAN TORRESMAN CITYBARCELLONA
42%
INGHILTERRASANCHOBORUSSIA DORTMUNDMAN UTD
42%
ARGENTINACRESPOINTERLAZIO
40%
SPAGNAKEPAATLETICO BILBAOCHELSEA
40%
BELGIONAINGGOLANROMAINTER
40%
FRANCIANKUNKULIPSIACHELSEA
40%
URUGUAYNUNEZBENFICALIVERPOOL
37%
URUGUAYNUNEZALMERIABENFICA
37%
INGHILTERRASTERLINGLIVERPOOLMAN CITY
37%
INGHILTERRASTERLINGMAN CITYCHELSEA
37%
SPAGNATORRESLIVERPOOLCHELSEA
37%
OLANDAGAKPOPSVLIVERPOOL
35%
GERMANIAGOTZEBORUSSIA DORTMUNDBAYERN
35%
SPAGNAMORATAREALCHELSEA
35%
ARGENTINAOTAMENDIVALENCIAMAN CITY
35%
OLANDAVAN DE BEEKAJAXMAN UTD
35%
ITALIAVIERILAZIOINTER
35%
GERMANIAOZILREALARSENAL
33%
GERMANIAWERNERLIPSIACHELSEA
33%
GERMANIADRAXLERWOLFSBURGPSG
30%
GERMANIADRAXLERSCHALKEWOLFSBURG
30%
BRASILEFREDSHAKTARMAN UTD
30%
FRANCIAHERNANDEZATLETICO MADRIDBAYERN
30%
GERMANIASANESCHALKEMAN CITY
30%
GERMANIASANEMAN CITYBAYERN
30%
OLANDAAKEBOURNEMOUTHMAN CITY
28%
ITALIACALDARAJUVEMILAN
28%
SPAGNACUCURELLABRIGHTONCHELSEA
28%
SPAGNALAPORTEATLETICO BILBAOMAN CITY
28%
OLANDAROBBENCHELSEAREAL
28%
URUGUAYTORREIRASAMPDORIAARSENAL
28%
OLANDABOTMANLILLENEWCASTLE
26%
SPAGNADIEGO COSTACHELSEAATLETICO MADRID
26%
SPAGNAMENDIETAVALENCIALAZIO
26%
ITALIAINZAGHIJUVEMILAN
23%
URUGUAYVECINOFIORENTINAINTER
23%
FRANCIAFOFANALEICESTERCHELSEA
21%
FRANCIALEMARMONACOATLETICO MADRID
21%
SPAGNAPORROSPORTINGTOTTENHAM
21%
FRANCIATCHOUAMENIMONACOREAL
21%
BELGIOTIELEMANSMONACOLEICESTER
21%
BELGIOWITSELBENFICAZENIT
21%
INGHILTERRASTONESEVERTONMAN CITY
19%
URUGUAYFORLANVILLARREALATLETICO MADRID
16%
INGHILTERRAWALKERTOTTENHAMMAN CITY
16%
BELGIOBENTEKECRYSTAL PALACELIVERPOOL
14%
INGHILTERRAWHITEBRIGHTONARSENAL
14%
OLANDACILLESSENBARCELLONAVALENCIA
9%
PORTOGALLONUNESSPORTINGWOLVES
9%
BELGIOBATSHUAYIMARSIGLIACHELSEA
7%
GERMANIAKEHRERSCHALKEPSG
7%
INGHILTERRAWAN BISSAKACRYSTAL PALACEMAN UTD
7%
GERMANIAMUSTAFIVALENCIABAYERN
2%

Distribuzione punteggi

Percentile per numero di risposta

Percentuale di utenti per punteggio

I tuoi punteggi nel tempo

Non hai fatto questo quiz